[Event "Oberliga Nord O 1415"]
[Site "Germany"]
[Date "2015.02.22"]
[Round "7.5"]
[White "Bruchmann, Stephan"]
[Black "Langner, Tobias"]
[Result "1-0"]
[WhiteElo "2280"]
[BlackElo "1973"]
[PlyCount "33"]
[EventDate "2014.09.21"]
[EventType "team-tourn"]
[EventRounds "9"]
[EventCountry "GER"]
[SourceTitle "EXT 2016"]
[Source "ChessBase"]
[SourceDate "2015.10.08"]
[SourceVersion "1"]
[SourceVersionDate "2015.10.08"]
[SourceQuality "1"]
[WhiteTeam "Berlin Rotation"]
[BlackTeam "Potsdam USV"]
[WhiteTeamCountry "GER"]
[BlackTeamCountry "GER"]

1. e4 c5 2. Nf3 d6 3. Bb5+ Bd7 4. Bxd7+ Qxd7 5. 0-0 Nf6 6. e5 Ng4 7. exd6 Qxd6 8. h3 Nf6 9. d4 e6 10. Nc3 a6 11. Bg5 Nbd7 12. Re1 cxd4 13. Nxd4 Qc5 14. Be3 Nd5 15. Nxe6 Nxc3 16. Bxc5 Nxd1 17. Nxf8+ 1-0

[Event "Oberliga Nord O 1415"]
[Site "Germany"]
[Date "2014.10.19"]
[Round "2.6"]
[White "Hellmann, Norbert"]
[Black "Langner, Tobias"]
[Result "1/2-1/2"]
[WhiteElo "2109"]
[BlackElo "1973"]
[PlyCount "81"]
[EventDate "2014.09.21"]
[EventType "team-tourn"]
[EventRounds "9"]
[EventCountry "GER"]
[SourceTitle "EXT 2016"]
[Source "ChessBase"]
[SourceDate "2015.10.08"]
[SourceVersion "1"]
[SourceVersionDate "2015.10.08"]
[SourceQuality "1"]
[WhiteTeam "Fuerstenwalde"]
[BlackTeam "Potsdam USV"]
[WhiteTeamCountry "GER"]
[BlackTeamCountry "GER"]

1. e4 c5 2. Nf3 e6 3. d4 cxd4 4. Nxd4 Nc6 5. Nc3 Qc7 6. Nb3 Nf6 7. a3 a6 8. g3 d6 9. Bg2 Be7 10. 0-0 0-0 11. Bf4 Rb8 12. Qe2 b5 13. Rad1 Nd7 14. Bc1 Nde5 15. Nd4 Nxd4 16. Rxd4 Bb7 17. Rfd1 Rfd8 18. Nb1 Rbc8 19. c3 Nc4 20. g4 Nb6 21. R4d3 d5 22. e5 Nd7 23. Re1 a5 24. b4 axb4 25. axb4 Nf8 26. Red1 Ng6 27. f4 Ra8 28. Re1 Ra1 29. Bd2 Qc4 30. Qf1 Bh4 31. Rc1 Ra2 32. Rd4 Qxf1+ 33. Bxf1 Bc6 34. Be3 Rda8 35. Rd2 Ra1 36. Rdc2 f6 37. exf6 Bxf6 38. Bd3 Be8 39. g5 Be7 40. Nd2 Bd6 41. f5 1/2-1/2

[Event "Oberliga Nord O 1415"]
[Site "Germany"]
[Date "2014.09.21"]
[Round "1.6"]
[White "Langner, Tobias"]
[Black "Kretzschmann, Jens"]
[Result "0-1"]
[WhiteElo "1973"]
[BlackElo "2193"]
[PlyCount "70"]
[EventDate "2014.09.21"]
[EventType "team-tourn"]
[EventRounds "9"]
[EventCountry "GER"]
[SourceTitle "EXT 2016"]
[Source "ChessBase"]
[SourceDate "2015.10.08"]
[SourceVersion "1"]
[SourceVersionDate "2015.10.08"]
[SourceQuality "1"]
[WhiteTeam "Potsdam USV"]
[BlackTeam "Berlin SF III"]
[WhiteTeamCountry "GER"]
[BlackTeamCountry "GER"]

1. e4 Nc6 2. Nf3 g6 3. d4 Bg7 4. c4 d6 5. d5 Ne5 6. Nxe5 Bxe5 7. Bd3 c5 8. 0-0 Bg7 9. f4 Nf6 10. Bd2 Ng4 11. e5 dxe5 12. Be2 h5 13. Bxg4 Bxg4 14. Qe1 exf4 15. Bc3 Bxc3 16. Qxc3 0-0 17. Rxf4 e6 18. dxe6 fxe6 19. Rxf8+ Qxf8 20. Nd2 Qg7 21. Qxg7+ Kxg7 22. Kf2 Rd8 23. Ke3 Bf5 24. a3 Rd3+ 25. Ke2 e5 26. Rf1 Rd4 27. Ke3 Kf6 28. Rc1 e4 29. Rc3 b6 30. b4 Ke5 31. bxc5 bxc5 32. Nb3 Rd1 33. Nxc5 Re1+ 34. Kd2 Rg1 35. Rg3 h4 0-1

[Event "Oberliga Nord O 1314"]
[Site "Germany"]
[Date "2014.04.06"]
[Round "9.7"]
[White "Szyszylo, Rafal"]
[Black "Langner, Tobias"]
[Result "1-0"]
[WhiteElo "2214"]
[BlackElo "1968"]
[PlyCount "37"]
[EventDate "2013.10.13"]
[EventType "team-tourn"]
[EventRounds "9"]
[EventCountry "GER"]
[SourceTitle "EXT 2015"]
[Source "ChessBase"]
[SourceDate "2014.11.20"]
[SourceVersion "1"]
[SourceVersionDate "2014.11.20"]
[SourceQuality "1"]
[WhiteTeam "Ruedersdorf"]
[BlackTeam "Potsdam USV"]
[WhiteTeamCountry "GER"]
[BlackTeamCountry "GER"]

1. e4 c5 2. Nf3 d6 3. d4 cxd4 4. Nxd4 Nf6 5. Nc3 a6 6. Be3 e5 7. Nb3 Be6 8. f3 d5 9. exd5 Nxd5 10. Nxd5 Bxd5 11. Qd3 Nc6 12. 0-0-0 Be6 13. Nc5 Bxc5 14. Bxc5 Qxd3 15. Bxd3 Rc8 16. Rhe1 f6 17. f4 Bxa2 18. Bf5 Kf7 19. Rd7+ 1-0

[Event "Berlin Lichtenberger op 11th"]
[Site "Berlin"]
[Date "2012.08.22"]
[Round "5"]
[White "Bandsom, Olaf"]
[Black "Langner, Tobias"]
[Result "0-1"]
[WhiteElo "1800"]
[BlackElo "1948"]
[PlyCount "92"]
[EventDate "2012.08.18"]
[EventType "swiss"]
[EventRounds "9"]
[EventCountry "GER"]
[SourceTitle "CBM 150 Extra"]
[Source "ChessBase"]
[SourceDate "2012.10.19"]
[SourceVersion "1"]
[SourceVersionDate "2012.10.19"]
[SourceQuality "1"]

1. e4 c5 2. Nf3 d6 3. d4 cxd4 4. Nxd4 Nf6 5. Nc3 a6 6. Be2 e5 7. Nf3 Be6 8. 0-0 Be7 9. Ng5 0-0 10. h3 Nc6 11. Be3 b5 12. a3 Na5 13. Nxe6 fxe6 14. Bg4 Nxg4 15. Qxg4 Rf6 16. f4 Nc4 17. Bc1 Qb6+ 18. Kh1 exf4 19. Rxf4 Raf8 20. Ne2 Ne3 21. Bxe3 Qxe3 22. Rxf6 Rxf6 23. Nc3 Qd2 24. Qe2 Rf2 25. Qg4 Qh6 26. Ne2 Qf6 27. c3 g6 28. Nd4 Rxb2 29. Qxe6+ Qxe6 30. Nxe6 Bf6 31. Nc7 a5 32. Nd5 Be5 33. Kg1 a4 34. Kf1 Rb3 35. Ke2 Bxc3 36. Nxc3 Rxc3 37. Rd1 Rxa3 38. Rxd6 Rb3 39. Ra6 a3 40. Kd2 b4 41. e5 Rb2+ 42. Kc1 Rxg2 43. Kb1 a2+ 44. Ka1 b3 45. e6 Rg1+ 46. Kb2 Rb1+ 0-1

[Event "Pardubice op-B"]
[Site "Pardubice"]
[Date "2009.07.24"]
[Round "1"]
[White "Nedochetov, Mikhail"]
[Black "Langner, Tobias"]
[Result "1-0"]
[WhiteElo "2342"]
[BlackElo "2014"]
[PlyCount "65"]
[EventDate "2009.07.24"]
[EventType "swiss"]
[EventRounds "9"]
[EventCountry "CZE"]
[SourceTitle "CBM 131 Extra"]
[Source "ChessBase"]
[SourceDate "2009.09.03"]
[SourceVersion "2"]
[SourceVersionDate "2009.09.16"]
[SourceQuality "1"]

1. Nf3 d5 2. d4 e6 3. c4 c6 4. Qc2 dxc4 5. Qxc4 Nf6 6. g3 b6 7. Bg2 Bb7 8. 0-0 Bd6 9. Rd1 0-0 10. Nc3 Nd5 11. e4 Nxc3 12. Qxc3 Qc7 13. b4 Rd8 14. Bb2 Bf8 15. Rac1 Qe7 16. a3 Nd7 17. Qb3 Rac8 18. Qe3 g6 19. Nd2 Bg7 20. e5 Ba8 21. Nc4 Nb8 22. Rc2 Bf8 23. Nd6 Rc7 24. b5 Qd7 25. Ne4 Be7 26. Qh6 Kh8 27. Rdc1 Bf8 28. Qf4 Bb7 29. Nf6 Qc8 30. Qh4 h6 31. Ng4 Kh7 32. bxc6 Ba6 33. Be4 1-0

[Event "Berlin op 08"]
[Site "Berlin"]
[Date "2006.08.27"]
[Round "9"]
[White "Kunze, Martin"]
[Black "Langner, Tobias"]
[Result "0-1"]
[WhiteElo "2036"]
[BlackElo "1865"]
[PlyCount "100"]
[EventDate "2006.08.19"]
[EventType "swiss"]
[EventRounds "9"]
[EventCountry "GER"]
[SourceTitle "EXT 2007"]
[Source "ChessBase"]
[SourceDate "2006.11.23"]
[SourceVersion "1"]
[SourceVersionDate "2006.11.23"]
[SourceQuality "1"]

1. d4 Nf6 2. c4 c5 3. d5 b5 4. cxb5 a6 5. Qc2 axb5 6. e4 Qa5+ 7. Bd2 Qa4 8. Qxa4 bxa4 9. Nc3 Na6 10. 0-0-0 g6 11. f3 a3 12. bxa3 d6 13. Bb5+ Bd7 14. Kc2 Bg7 15. Nge2 0-0 16. Rb1 e6 17. Nf4 Bxb5 18. Rxb5 g5 19. Nd3 exd5 20. exd5 h6 21. Rb7 Rfc8 22. Nb2 Nc7 23. Nc4 Ra6 24. Nb6 Re8 25. Re1 Kf8 26. a4 Rxe1 27. Bxe1 Nfe8 28. Kb3 Be5 29. h3 Nf6 30. a5 Bxc3 31. Bxc3 Nfxd5 32. Nxd5 Nxd5 33. Bd2 Rc6 34. Kc4 Nc7 35. Rb6 d5+ 36. Kb3 c4+ 37. Kc3 Re6 38. Rxe6 fxe6 39. Kd4 Na6 40. Ke5 Ke7 41. g4 Nb8 42. Kd4 Kd6 43. f4 Nc6+ 44. Kc3 gxf4 45. Bxf4+ Kc5 46. Bxh6 d4+ 47. Kb2 c3+ 48. Kc1 e5 49. Bf8+ Kc4 50. g5 d3 0-1

[Event "Berlin op 08"]
[Site "Berlin"]
[Date "2006.08.21"]
[Round "3"]
[White "Nachtkamp, Herbert"]
[Black "Langner, Tobias"]
[Result "1/2-1/2"]
[WhiteElo "1968"]
[BlackElo "1865"]
[PlyCount "65"]
[EventDate "2006.08.19"]
[EventType "swiss"]
[EventRounds "9"]
[EventCountry "GER"]
[SourceTitle "EXT 2007"]
[Source "ChessBase"]
[SourceDate "2006.11.23"]
[SourceVersion "1"]
[SourceVersionDate "2006.11.23"]
[SourceQuality "1"]

1. d4 f5 2. Nf3 Nf6 3. Bg5 Ne4 4. Bf4 g6 5. Be5 Rg8 6. h4 Nc6 7. Bf4 d5 8. e3 e6 9. Nbd2 Nxd2 10. Qxd2 Bd6 11. 0-0-0 Bd7 12. Kb1 Qe7 13. Rc1 Qg7 14. Bb5 0-0-0 15. Bxd6 cxd6 16. c4 dxc4 17. Rxc4 Kb8 18. Rhc1 Rc8 19. d5 Ne5 20. Rxc8+ Rxc8 21. Rxc8+ Kxc8 22. Qc3+ Kd8 23. Qa5+ Ke8 24. Qc7 Qe7 25. Qb8+ Kf7 26. Nxe5+ dxe5 27. Qxe5 Bxb5 28. dxe6+ Qxe6 29. Qxb5 Qe4+ 30. Kc1 Qxg2 31. Qd7+ Kf6 32. Qd8+ Kf7 33. Qd7+ 1/2-1/2

[Event "Berlin op 08"]
[Site "Berlin"]
[Date "2006.08.20"]
[Round "2"]
[White "Langner, Tobias"]
[Black "Von Huebschmann, Andreas"]
[Result "1-0"]
[WhiteElo "1865"]
[BlackElo "1282"]
[PlyCount "95"]
[EventDate "2006.08.19"]
[EventType "swiss"]
[EventRounds "9"]
[EventCountry "GER"]
[SourceTitle "EXT 2007"]
[Source "ChessBase"]
[SourceDate "2006.11.23"]
[SourceVersion "1"]
[SourceVersionDate "2006.11.23"]
[SourceQuality "1"]

1. e4 c5 2. Nf3 Nc6 3. d4 cxd4 4. Nxd4 e5 5. Nb5 d6 6. Bc4 a6 7. N5c3 b5 8. Bb3 Nf6 9. Bg5 Be7 10. 0-0 Nd4 11. Bxf6 Bxf6 12. Bd5 Rb8 13. Qd3 0-0 14. Nd2 Bg4 15. Nb3 Nxb3 16. axb3 Qb6 17. b4 Be7 18. Ra3 Kh8 19. Rfa1 Bc8 20. Bb3 f5 21. Nd5 fxe4 22. Nxb6 exd3 23. Nxc8 Rbxc8 24. cxd3 h6 25. g3 Rf3 26. Bd5 Rf6 27. Rc3 Rcf8 28. Rc2 Rg6 29. h3 Bh4 30. Be4 Rg5 31. Kh2 Rxf2+ 32. Rxf2 Bxg3+ 33. Kg2 Bxf2+ 34. Kxf2 Rh5 35. Rxa6 g5 36. Bf5 d5 37. Rb6 e4 38. Rxb5 exd3 39. Rxd5 Rh4 40. Bxd3 Rxb4 41. Rb5 Rxb5 42. Bxb5 Kg7 43. Ke3 Kf6 44. Ke4 h5 45. Bd7 Ke7 46. Bf5 Kd6 47. b4 Kc6 48. Kd4 1-0